00822 a2200277 4500260001000000630004500010037001000055650003500065100001900100260005100119260001100170245007700181300001000258650001900268260000900287300001000296100000700306440002600313037001000339037001000349037001000359700004000369700002400409999001700433952009400450 aParis a16 - Logique. Theorie de la connaissance b3, BU a1 - PHILOSOPHIE ET PSYCHOLOGIE aComte, Auguste bEcole des hautes études en sciences sociales bMouton aCorrespondance générale et confessions. Tome3: avril 1845-avril 1846 a445p. acorrespondance c1977 b23cm. lFr aArchives positivistes aL1876 aL2765 aL2763 aEd., Berrêdo Carneiro, Paulo aEd., Arnaud, Pierre c39572d39572 00104070aBUACbBUACd2009-02-28l0o177.3:2 COMr2009-02-28 00:00:00w2009-02-28yLIVR